| 000 | 01095nam0a2200301 4500 | ||
|---|---|---|---|
| 001 | RU\NLR\bibl\795340 | ||
| 005 | 20260405113223.0 | ||
| 010 |
_a5-7578-0249-9 _95000 |
||
| 021 |
_aRU _b2005-3917 _9194 |
||
| 035 | _a(NLR Aleph) 000784543 | ||
| 090 |
_a1083171 _c1083171 |
||
| 100 | _a20050504d2005 |||y0rusy50 ca | ||
| 101 | 0 | _arus | |
| 102 | _aRU | ||
| 105 | _aa ||||||||| | ||
| 200 | 1 |
_aДревовидные пионы _fЗ.Я. Иванова |
|
| 210 |
_aМосква _cМСП _d2005 |
||
| 215 |
_a73, [3] с., [8] л.цв. ил. _cил. _d20 |
||
| 225 | 1 | _aСоветы специалистов | |
| 320 | _aБиблиогр. в конце кн. | ||
| 606 | 1 |
_aПионы древовидные _jПопулярные издания _xКультура _92374885 _3RU\NLR\auth\661417314 |
|
| 686 | _aП274.9пионы я9 | ||
| 700 | 1 |
_4070 _8rus _7ca _aИванова _bЗ. Я. _cканд. с.-х. наук _gЗинаида Яковлевна _3RU\NLR\auth\7743939 _926881 |
|
| 801 | 0 |
_aRU _bNLR _c20050504 _grcr |
|
| 801 | 1 |
_aRU _bNLR _c20050504 |
|
| 942 | _cBOOK | ||
| 980 | _aNB | ||